000 00470nam a22001817a 4500
003 NUST - PNEC
005 20170116181130.0
008 151003b xxu||||| |||| 00| 0 eng d
020 _a0133937372
040 _cLIBRARY
082 _a629.83 PHI
100 _912935
_aPhillips, Charles L.
245 _aFeedback control systems
_c Charles L.Phillips
250 _a3rd ed
260 _cc1996
650 _912936
_aFeedback control systems
_xEE/ ME
942 _2ddc
_cBK
999 _c69945
_d69945